000
00275nam a2200109Ia 4500
005
20251222144839.0
008
251222s9999||||xx |||||||||||||| ||spa||
082
_a
248.4/C81
245
0
_a
Semana Nacional de la Familia
264
_b
Conferencia Episcopal Peruana
942
_c
LIB
999
_c
21166
_d
21166